Bài tập cấu trúc dữ liệu & thuật toán

محفوظ في:
التفاصيل البيبلوغرافية
المؤلف الرئيسي: Lê Minh Trung
التنسيق: كتاب
اللغة:Vietnamese
منشور في: TKE 2004
الوسوم: إضافة وسم
لا توجد وسوم, كن أول من يضع وسما على هذه التسجيلة!
Thư viện lưu trữ: Mạng thư viện Đại học Đà Nẵng
LEADER 00638nam a2200277 4500
001 000026766
003 799(836)
005 20150325120000.0
008 150325s vm 000 vie
020 |c 27,0000 
040 |a NOTTS 
100 |a Lê Minh Trung 
245 |a Bài tập cấu trúc dữ liệu & thuật toán 
260 |b TKE  |c 2004 
300 |a 227tr. ; 
OWN |a LTT 
999 |a From the UDN01 
TYP |a Monograph 
TYP |a Printed language 
980 |a Mạng thư viện Đại học Đà Nẵng